LEADER 01592nam--2200433---450- 001 990000411540203316 005 20100617100135.0 010 $a88-7104-779-6 035 $a0041154 035 $aUSA010041154 035 $a(ALEPH)000041154USA01 035 $a0041154 100 $a20010423h----1993km-y0itay0103----ba 101 $aita 102 $aIT 105 $a||||||||001yy 200 1 $aAssunzioni di debito e garanzia del credito$fGuido Biscontini 210 $aNapoli$cEdizioni scientifiche italiane$h1993 215 $a348 p.$d24 cm 225 2 $aPubblicazioni$fdella Scuola di specializzazione in diritto civile dell'Università di Camerino$v70 410 $12001$aPubblicazioni$fdella Scuola di specializzazione in diritto civile dell'Università di Camerino$v70 461 1$1001-------$12001 606 0 $aContratti di garanzia 676 $a346.45074 700 1$aBISCONTINI,$bGuido$0229878 801 0$aIT$bsalbc$gISBD 912 $a990000411540203316 951 $aXXV.1. Coll. 39/ 43a (X 4 III 70)$b76943 EC$cXXV.1. Coll. 39/ 43a (X 4)$d00271191 951 $aXXV.1. Coll. 39/ 43b (X 4 III 70)$b14219 G.$cXXV.1. Coll. 39/ 43b (X 4)$d00271190 951 $aXXV.1. Coll. 39/ 43 (X 4 III 70)$b14220 G.$cXXV.1. Coll. 39/ 43 (X 4)$d00271192 959 $aBK 969 $aECO 969 $aGIU 979 $aPATTY$b90$c20010423$lUSA01$h1035 979 $c20020403$lUSA01$h1649 979 $aPATRY$b90$c20040406$lUSA01$h1629 979 $aRSIAV2$b90$c20100617$lUSA01$h1001 996 $aAssunzioni di debito e garanzia del credito$9874746 997 $aUNISA LEADER 01989oas 22007813a 450 001 9910139664703321 005 20260218110810.0 011 $a2163-3541 035 $a(DE-599)ZDB2065793-6 035 $a(OCoLC)60638502 035 $a(CONSER) 2011202364 035 $a(CKB)954928469060 035 $a(DE-599)2065793-6 035 $a(EXLCZ)99954928469060 100 $a20050615a19319999 sy a 101 0 $aeng 135 $aurun||||||||| 181 $ctxt$2rdacontent 182 $cc$2rdamedia 183 $acr$2rdacarrier 200 10$aAmerican forests 210 $aWashington, D.C. $cAmerican Forestry Association 311 0 $a0002-8541 517 1 $aAmerican forests magazine 531 0 $aAm. for. 606 $aForests and forestry$vPeriodicals 606 $aUrban forestry$vPeriodicals 606 $aFore?ts$vPe?riodiques 606 $aForesterie urbaine$vPe?riodiques 606 $aForests and forestry$2fast$3(OCoLC)fst00932632 606 $aUrban forestry$2fast$3(OCoLC)fst01162426 608 $aPeriodicals. 608 $aPeriodicals.$2fast 608 $aPeriodicals.$2lcgft 615 0$aForests and forestry 615 0$aUrban forestry 615 6$aFore?ts 615 6$aForesterie urbaine 615 7$aForests and forestry. 615 7$aUrban forestry. 676 $a634.905 712 02$aAmerican Forestry Association 712 02$aAmerican Forests (Association) 801 0$bOCLCS 801 1$bOCLCS 801 2$bNTE 801 2$bOCLCQ 801 2$bCO3 801 2$bOCLCQ 801 2$bOCLCE 801 2$bDLC 801 2$bOCL 801 2$bOCLCQ 801 2$bOCLCF 801 2$bOCLCA 801 2$bOCLCO 801 2$bOCLCQ 801 2$bZ5A 801 2$bZAC 801 2$bOCLCO 801 2$bDYJ 801 2$bOCLCQ 801 2$bIOY 801 2$bOCLCL 906 $aJOURNAL 912 $a9910139664703321 996 $aAmerican forests$91892190 997 $aUNINA